| 000 | 01615cam a22004097a 4500 | ||
|---|---|---|---|
| 003 | CHAP | ||
| 005 | 20220329143031.0 | ||
| 008 | 050923s2003 mx a r 00010 spa d | ||
| 010 | _a90979 | ||
| 011 | _a91951 | ||
| 020 | _a968573092X | ||
| 035 | _a102514 | ||
| 040 | _cCHAP | ||
| 082 | 0 | 4 |
_a584.927274 _bB45 |
| 100 | 0 | 0 |
_aBernal Alcántara, Juan Arelí. _911877 |
| 245 | 1 | 3 |
_aEl ciclo de vida del maíz según los mixes = _bMook jyööjtsykin ax jö'n ayuuk jayu di ixada _c/por Juan Arelí Bernal Alcántara y Noemí Ortega Rivera |
| 260 |
_aOaxaca, Oax. : _bInstituto Estatal de Educación Pública de Oaxaca, _c2003 |
||
| 300 |
_aix, 60 p. : _bilus. |
||
| 490 | 0 |
_aColección voces del fondo. _pSerie la luna en el pozo |
|
| 500 | _aBilingüe mixe y español | ||
| 500 | _aEn la portada aparece en primer término en idioma mixe | ||
| 500 | _aIlustrado con acuarelas | ||
| 590 |
_aBATCH-UPD _b10 _c20130110 _lUCH01 _h0531 |
||
| 590 |
_aBATCH-UPD _b10 _c20130111 _lUCH01 _h0001 |
||
| 590 |
_aBATCH-UPD _b10 _c20130410 _lUCH01 _h0211 |
||
| 590 |
_aBATCH-UPD _b10 _c20130914 _lUCH01 _h0609 |
||
| 590 |
_aCONVERSION _b10 _c20130109 _lUCH01 _h1350 |
||
| 650 | 1 | 4 |
_aEtnología _xOaxaca _zOaxaca. _9175479 |
| 650 | 1 | 4 |
_aMaíz _zOaxaca. _971100 |
| 700 | 0 |
_aOrtega Rivera, Noemí. _983862 |
|
| 830 | 0 |
_aColección voces del fondo. _pSerie la luna en el pozo _925025 |
|
| 901 | _aBK | ||
| 905 | _aMarco A. Mendoza T. | ||
| 942 | _cLIBRO | ||
| 949 |
_a584.927274 B45 _bBC _cLIBRO _d33724000961686 _eLIBRO _h107210 _i102514 _si |
||
| 949 |
_a584.927274 B45 _bBC _cLIBRO _d33724002057926 _eLIBRO _fc.2 _gDonaciØn _h109660 _i102514 _sb |
||
| 999 |
_c90979 _d90979 |
||